Fundamentals of Accountancy, Business And Management (Record no. 8320)

MARC details
000 -LEADER
fixed length control field 00512nam a22001697a 4500
003 - CONTROL NUMBER IDENTIFIER
control field OSt
005 - DATE AND TIME OF LATEST TRANSACTION
control field 20260210014532.0
008 - FIXED-LENGTH DATA ELEMENTS--GENERAL INFORMATION
fixed length control field 260210b |||||||| |||| 00| 0 eng d
020 ## - INTERNATIONAL STANDARD BOOK NUMBER
International Standard Book Number 978-971-07-3832-8
040 ## - CATALOGING SOURCE
Original cataloging agency DWCL - Main Lib.
Transcribing agency OC
082 ## - DEWEY DECIMAL CLASSIFICATION NUMBER
Classification number Fil. B562 2016
100 ## - MAIN ENTRY--PERSONAL NAME
Personal name Beticon, Josefina Loria
Relator term Author
245 ## - TITLE STATEMENT
Title Fundamentals of Accountancy, Business And Management
260 ## - PUBLICATION, DISTRIBUTION, ETC.
Place of publication, distribution, etc. Quezon City;
Name of publisher, distributor, etc. Vibal Group,
Date of publication, distribution, etc. c2016
300 ## - PHYSICAL DESCRIPTION
Extent viii, 270 pages:
Other physical details illustration;
Dimensions 25 cm
942 ## - ADDED ENTRY ELEMENTS (KOHA)
Source of classification or shelving scheme Dewey Decimal Classification
Koha item type Book-Filipiniana
Suppress in OPAC No
952 ## - LOCATION AND ITEM INFORMATION (KOHA)
--
Holdings
Withdrawn status Lost status Source of classification or shelving scheme Damaged status Not for loan Home library Current library Shelving location Date acquired Total Checkouts Full call number Barcode Date last seen Copy number Price effective from Koha item type Uniform Resource Identifier
    Dewey Decimal Classification     Junior High School Library Junior High School Library Filipiniana 02/10/2026   Fil. B562 2016 JHS - 20910 02/10/2026 c1 02/10/2026 BK - FIL